CLIMTE CHANGE SOCIETY / (Record no. 587832)

000 -LEADER
fixed length control field 00337nam a22001457a 4500
020 ## - INTERNATIONAL STANDARD BOOK NUMBER
Qualifying information PB.
040 ## - CATALOGING SOURCE
Transcribing agency FIZZA ISHAQ
082 ## - DEWEY DECIMAL CLASSIFICATION NUMBER
Classification number 324.25
Author Mark JOH
100 ## - MAIN ENTRY--PERSONAL NAME
Personal name URRY, JOHN.
9 (RLIN) 88991
245 ## - TITLE STATEMENT
Title CLIMTE CHANGE SOCIETY /
Statement of responsibility, etc. JOHN URRY.
250 ## - EDITION STATEMENT
Edition statement 1st ED.
260 ## - PUBLICATION, DISTRIBUTION, ETC.
Place of publication, distribution, etc. NEW YORK ;
Name of publisher, distributor, etc. POLITY,
Date of publication, distribution, etc. 2011.
300 ## - PHYSICAL DESCRIPTION
Extent 217 P. ;
942 ## - ADDED ENTRY ELEMENTS (KOHA)
Source of classification or shelving scheme
Koha item type Book
Holdings
Withdrawn status Lost status Source of classification or shelving scheme Damaged status Not for loan Permanent Location Current Location Date acquired Total Checkouts Full call number Barcode Date last seen Price effective from Koha item type
          NUST Baluchistan Campus (NBC) NUST Baluchistan Campus (NBC) 02/11/2022   324.25 JOH Q-2309 02/11/2022 02/11/2022 Book
© 2023 Central Library, National University of Sciences and Technology. All Rights Reserved.